000 00736nam a2200289Ia 4500
005 20260324123426.0
008 008 260324s9999 xx 000 0 eng d
020 _a9780203100356
037 _aEBOOK
040 _aCRL
040 _beng
040 _cCRL
041 _2eng
041 _aeng
084 _qCRL
100 _aJoseph R. Cerami
_91170258
245 0 _aLeadership and Policy Innovation - From Clinton to Bush
245 0 _bCountering the Proliferation of Weapons of Mass Destruction
260 _bTaylor and Francis
260 _c2012
365 _a
365 _b240
856 _uhttp://www.taylorfrancis.com/books/9780203100356
942 _cEBOOK
999 _c1763776
_d1763776